000 00538cam a2200217 4500
001 B2202
008 090401t1947 xxu||||| |||| 00| 0 eng d
035 _a(Sirsi) u48703
041 _aeng
050 _a346.410434
100 _aFrench, C.A.Martin
245 _aDilapidation practice
260 _aLondon
_bEstates Gazette
_c1947
300 _axxvii,722p. ; 24cm.
350 _a0
520 _aThe reference copy is signed by the author.
650 _aDilapidations
_96235
650 _aLAW
942 _n0
948 _c04/03/1997
999 _c92391
_d92391